An Introduction to Health Psychology (Record no. 8175)
[ view plain ]
| 000 -LEADER | |
|---|---|
| fixed length control field | 01333cam a22002174a 4500 |
| 005 - ΗΜΕΡΟΜΗΝΙΑ ΚΑΙ ΩΡΑ ΤΕΛΕΥΤΑΙΑΣ ΕΝΗΜΕΡΩΣΗΣ | |
| Πεδίο ελέγχου | 20250605164328.0 |
| 008 - FIXED-LENGTH DATA ELEMENTS--GENERAL INFORMATION | |
| Πεδίο ελέγχου σταθερού μήκους | 250528s ||||||||||||||||||||||||d |
| 035 ## - SYSTEM CONTROL NUMBER | |
| System control number | 23145 |
| 020 ## - ISBN | |
| ISBN | 9780130994081 |
| 040 ## - ΠΗΓΗ ΚΑΤΑΛΟΓΟΓΡΑΦΗΣΗΣ | |
| Φορέας πρωτότυπης καταλογογράφησης | MC Athens Campus Library |
| Γλώσσα καταλογογράφησης | Ελληνικά, Μοντέρνα (1453-) |
| Modifying agency | MC Athens Campus Library |
| Κανόνες περιγραφικής καταλογογράφησης | AACR2 |
| 245 1# - ΤΙΤΛΟΣ ΚΑΙ ΔΗΛΩΣΗ ΥΠΕΥΘΥΝΟΤΗΤΑΣ | |
| Τίτλος | An Introduction to Health Psychology |
| 250 ## - EDITION STATEMENT | |
| Edition statement | 1st |
| 260 ## - PUBLICATION, DISTRIBUTION, ETC. | |
| Name of publisher, distributor, etc. | Pearson - Prentice Hall, |
| Date of publication, distribution, etc. | 2006 |
| 300 ## - PHYSICAL DESCRIPTION | |
| Extent | 622 |
| 520 ## - SUMMARY, ETC. | |
| Summary, etc. | This book is a new and stimulating European textbook providing a valuable and engaging introduction to the field of Health Psychology. Preface, Acknowledgements, Being and Staying Healthy, What is Health?, Health Inequalities, Health - Risk Behaviour, Health - Enhancing Behaviour, Predicting Health Behaviour, Reducing Risk of Disease - Individual Approaches, Population Approaches to Public Health, Becoming Ill, The Body in Health and Illness, Symptom Perception and Interperception and Response, The Consultation and Beyond, Stress and Health and Illness: Theory, Stress and Illness Moderators, Managing Stress, Being Ill, The Impact of Illness on Quality of Life, The Impact of Illness on Patients and Their Families, Pain, Improving Health and Quality of Life, Futures, Glossary, References, Index. |
| 700 1# - ΠΡΟΣΘΕΤΗ ΑΝΑΓΡΑΦΗ--ΦΥΣΙΚΟ ΠΡΟΣΩΠΟ | |
| Personal name | Bennett Paul |
| 9 (RLIN) | 4034 |
| 700 1# - ΠΡΟΣΘΕΤΗ ΑΝΑΓΡΑΦΗ--ΦΥΣΙΚΟ ΠΡΟΣΩΠΟ | |
| Personal name | Morrison Val |
| 9 (RLIN) | 8713 |
| 942 ## - ADDED ENTRY ELEMENTS (KOHA) | |
| Koha item type | Books |
| Τύπος τεκμηρίου | Βιβλιοθήκη | Τρέχουσα τοποθεσία | Barcode | Αριθμός εισαγωγής | Ημερομηνία απόκτησης | Ταξιθετικό σύμβολο | Αριθμός αντιτύπου | Κατάσταση απόσυρσης | Κατάσταση χαμένου | Κατάσταση κατεστραμμένου | Μη δανεισμός | Σύνολο δανεισμών | Ημερομηνία τελευταίας εμφάνισης | Η τιμή ισχύει από |
|---|---|---|---|---|---|---|---|---|---|---|---|---|---|---|
| Books | MC Athens Campus Library | MC Athens Campus Library | 9780000081742 | 7595 | 05/06/2025 | 616.0019 MOR | 1 | 05/06/2025 | 05/06/2025 |